| 000 | 01160nam0a2200301 4500 | ||
|---|---|---|---|
| 001 | RU\NLR\BIBL_A\022103861 | ||
| 005 | 20250625122244.0 | ||
| 035 | _a(NLR Aleph) 022103861 | ||
| 090 |
_a12755187 _c12755187 |
||
| 100 | _a20231228d2013 |||y0rusy50 ca | ||
| 101 | 0 | _arus | |
| 102 | _aRU | ||
| 105 | _aa b 000yy | ||
| 181 | 0 |
_ab3 _bxb2e |
|
| 181 | 0 |
_ai1 _baxxe |
|
| 182 | 0 | _an | |
| 200 | 1 |
_aЖивопись. Стефан Потапский _e[альбом-каталог] |
|
| 203 |
_aИзображение _aТекст _bвизуальные _cнепосредственные |
||
| 210 |
_aСанкт-Петербург _c[б. и.] _d2013 |
||
| 215 |
_a23, [1] с. _cцв. ил. _d20x20 |
||
| 316 |
_aС дарств. надписью С. Потапского _5NLR |
||
| 600 | 1 |
_aПотапский _bС. С. _f1952 _gСтефан Степанович _jАльбомы _92577435 _3RU\NLR\AUTH\6601734753 |
|
| 686 | 1 | _aЩ143(2Р=Рус)7-8Потапский я26 | |
| 702 | 1 |
_aПотапский _bС. С. _f1952- _gСтефан Степанович _4570 |
|
| 942 | _cBOOK | ||
| 980 | _aNB | ||